000 00941nam a2200241 i 4500
001 81170
003 ES-MaACL
005 20250807235414.0
007 t|
008 041103s1968 sp |||| | spa d
245 0 3 _aEl hombre lobo
_b: Rebecka Lempin ; "Las brujas de Salem" ; Guardagujas ; K.S. ; Grafeneck ; Friedrich Haarmann ; Nickel List y sus compañeros ; Hermanos Tomascheck ; Andreas Stubenrauch ; St. L. M. ; Alex de Wallwitz /
_crecopilación de G. Herrmann Mostar, Robert A. Stemmle.
250 _a1ª ed.
260 _aBarcelona :
_bLuis de Caralt,
_c1968.
300 _a328 p. ;
_c21 cm.
490 1 _aCrónicas del crimen
650 4 _aCrimen y criminales.
_911417
650 7 _aHombres lobo
_2embne
_9169039
700 1 _aHerrmann Mostar, G.
_963378
700 1 _aStemmle, Robert Adolf.
_9108082
830 0 _aCrónicas del crimen
_9231524
852 _aES-MaACL
_jC-50417
_z- Enc. cart.
999 _c81170
_d81170